000 01107cam a2200469ua 4500
020 _c38.00
041 _aeng
_h
082 _a519.062
_bVEN/EN
100 _aVenkataraman, M K .
245 _aEngineering mathematics, Vol 2 /
_cM K Venkataraman.
_hTextual Documents
250 _a2 /
_b.
260 _aChennai :
_bThe National Publishing Co ,
_c1985.
300 _a685 ; .
365 _a38.00
504 _a
942 _cBK
999 _c9138
_d9138